<?xml version="1.0" encoding="UTF-8"?>
<record
    xmlns:xsi="http://www.w3.org/2001/XMLSchema-instance"
    xsi:schemaLocation="http://www.loc.gov/MARC21/slim http://www.loc.gov/standards/marcxml/schema/MARC21slim.xsd"
    xmlns="http://www.loc.gov/MARC21/slim">

  <leader>00861nam a2200217 i 4500</leader>
  <controlfield tag="001">72381</controlfield>
  <controlfield tag="003">ES-MaACL</controlfield>
  <controlfield tag="005">20250901102439.0</controlfield>
  <controlfield tag="007">t|</controlfield>
  <controlfield tag="008">040831s1932    fr           ||||1| fre d</controlfield>
  <datafield tag="100" ind1="1" ind2=" ">
    <subfield code="a">Girard, Albert.</subfield>
    <subfield code="9">57213</subfield>
  </datafield>
  <datafield tag="245" ind1="1" ind2="3">
    <subfield code="a">Le commerce fran&#xE7;ais a Seville et Cadix au temps des Habsbourg </subfield>
    <subfield code="b">: contribution a l'etude du commerce etranger en Espagne aux XVI et XVIII siecles / </subfield>
    <subfield code="c">par Albert Girard.</subfield>
  </datafield>
  <datafield tag="260" ind1=" " ind2=" ">
    <subfield code="a">Paris : </subfield>
    <subfield code="b">Boccard, </subfield>
    <subfield code="c">1932 (</subfield>
    <subfield code="e">Bordeaux : </subfield>
    <subfield code="f">J. Biere)</subfield>
  </datafield>
  <datafield tag="300" ind1=" " ind2=" ">
    <subfield code="a">XXIII, 607 p. ; </subfield>
    <subfield code="c">25 cm.</subfield>
  </datafield>
  <datafield tag="650" ind1=" " ind2="7">
    <subfield code="a">Comercio-</subfield>
    <subfield code="z">Andaluc&#xED;a</subfield>
    <subfield code="2"></subfield>
    <subfield code="9">163019</subfield>
  </datafield>
  <datafield tag="651" ind1=" " ind2="7">
    <subfield code="a">Espa&#xF1;a-</subfield>
    <subfield code="x">Comercio exterior-</subfield>
    <subfield code="z">Francia</subfield>
    <subfield code="2"></subfield>
    <subfield code="9">163020</subfield>
  </datafield>
  <datafield tag="651" ind1=" " ind2="7">
    <subfield code="a">Francia-</subfield>
    <subfield code="x">Comercio exterior-</subfield>
    <subfield code="z">Espa&#xF1;a</subfield>
    <subfield code="2"></subfield>
    <subfield code="9">163021</subfield>
  </datafield>
  <datafield tag="651" ind1=" " ind2="4">
    <subfield code="a">Espa&#xF1;a-</subfield>
    <subfield code="x">Comercio exterior-</subfield>
    <subfield code="z">Am&#xE9;rica espa&#xF1;ola-</subfield>
    <subfield code="v">Historia.</subfield>
    <subfield code="9">163022</subfield>
  </datafield>
  <datafield tag="852" ind1=" " ind2=" ">
    <subfield code="a">ES-MaACL</subfield>
    <subfield code="j">A-1738</subfield>
  </datafield>
  <datafield tag="999" ind1=" " ind2=" ">
    <subfield code="c">72381</subfield>
    <subfield code="d">72381</subfield>
  </datafield>
  <datafield tag="952" ind1=" " ind2=" ">
    <subfield code="0">0</subfield>
    <subfield code="1">0</subfield>
    <subfield code="4">0</subfield>
    <subfield code="7">0</subfield>
    <subfield code="a">ATENEOM</subfield>
    <subfield code="b">ATENEOM</subfield>
    <subfield code="c">SPP1</subfield>
    <subfield code="d">2008-01-17</subfield>
    <subfield code="e">SC</subfield>
    <subfield code="l">0</subfield>
    <subfield code="o">A-1738</subfield>
    <subfield code="p">1075777</subfield>
    <subfield code="r">2023-02-23 00:00:00</subfield>
    <subfield code="w">2023-02-23</subfield>
    <subfield code="y">MONOGRAFIA</subfield>
  </datafield>
</record>
